POLL: Random Questions - Multiple Choice - Statistics

General Stats
  • This quiz has been taken 32 times
    26 since last reset
  • The average score is 4 of 15
Answer Stats
Question Answer % Correct
How old are you? 13-19
56%
Would you like me to make more polls? Yes
56%
What continent are you from? North America or South America
52%
Have you heard of me? (DarthKnight) Yes
48%
Would you rather... Be the smartest person in the world
44%
Did you like this poll? Yes
40%
Do you speak multiple languages? No
28%
What is your favorite color? Orange, Pink or Red
28%
What is your favorite movie out of these options? The Wizard of Oz
24%
̶W̶h̶o̶ ̶d̶i̶d̶ ̶y̶o̶u̶ ̶v̶o̶t̶e̶ ̶f̶o̶r̶ ̶i̶n̶ ̶2̶0̶2̶4̶?̶ ̶ When was the first time you went on JetPunk? 2017-2019
20%
What book series is the best out of these options? The Chronicles of Narnia
20%
What is your streak at? Above 500
8%
What singer do you listen to the most? JVKE
8%
Did you click the link? I Made The Link.
4%
Did you fall for the trick? I Made The Trick.
4%
No matching quizzes found
Score Distribution
Percent of People with Each Score
Percentile by Number Answered
Your Score History
You have not taken this quiz since the last reset